=LDR 00000nam 2200000 4500 =001 INLIS000000000008229 =005 20200812013252 =035 ##$$a 0010-061300000008229 =008 200812################g##########0#ind## =041 ##$$a Ind =082 ##$$a 2x7.409 56 =090 ##$$a 2x7.409 56, Isl i =245 ##$$a Islam garda depan : $b Mosaik pemikiran islam Timur Tengah /$c editor, M. Ainul Abied Shah =260 ##$$a Bandung :$b Mizan,$c 2001 =300 ##$$a 350 hlm. ; $c 15x22 cm. =650 #4$$a Pemikiran islam-Timur tengah =020 ##$$a 979-433-273-9 =084 ##$$a 2x7.409 56 ISL =700 #$$a Shah, M. Ainul Abied =504 ##$$a Indeks : hlm. 335 - 350 =990 ##$$a 170.699/Pro.2002